| 000 -CABECERA |
| Campo de control de longitud fija |
01615nam a22002417a 4500 |
| 001 - NÚMERO DE CONTROL |
| Campo de control |
BH32725 |
| 003 - IDENTIFICADOR DEL NÚMERO DE CONTROL |
| Campo de control |
ES-SlBCS |
| 005 - FECHA Y HORA DE LA ÚLTIMA TRANSACCIÓN |
| Campo de control |
20260703100339.0 |
| 008 - CÓDIGOS DE INFORMACIÓN DE LONGITUD FIJA |
| Campo de control de longitud fija |
260703s1773 sp 1 spa |
| 040 ## - FUENTE DE LA CATALOGACIÓN |
| Centro catalogador del origen |
ES-SIBCS |
| Lengua de catalogación |
spa |
| 041 1# - CÓDIGO DE LENGUA |
| Código de lengua del texto/banda sonora o título independiente |
spa |
| Código de lengua original |
fre |
| 100 1# - PUNTO DE ACCESO PRINCIPAL-NOMBRE DE PERSONA |
| Nombre de persona |
Giroust, Jacques |
| 9 (RLIN) |
16659 |
| 245 13 - MENCIÓN DE TÍTULO |
| Título |
El pecador sin escusa ó los falsos pretextos con que suspende su conversión, |
| Mención de responsabilidad, etc. |
en sermones de Quaresma, utiles a toda clase de personas, predicados en Idioma Francés por el R.mo P. Santiago Giroust, y traducidos al español por el Doctor D. Domingo Antonio González de la Portilla, Proto-Notario Apostolico, &c. |
| Número de parte o sección de la obra |
Tomo primero y tercero de la obra |
| 260 1# - PUBLICACIÓN, DISTRIBUCIÓN, ETC... (PIE DE IMPRENTA) |
| Lugar de publicación, distribución, etc. |
Madrid : |
| Nombre del editor, distribuidor, etc. |
En la Imprenta de Pedro Marin |
| Fecha de publicación, distribución, etc. |
, 1773 |
| 300 ## - DESCRIPCIÓN FÍSICA |
| Extensión |
[6], 485, p. ; |
| Dimensiones |
15 cm |
| 500 ## - NOTA GENERAL |
| Nota general |
Grabado en portada |
| 505 ## - NOTA DE CONTENIDO CON FORMATO |
| Nota de contenido con formato |
Tabla de los Sermones contenidos en este primer tomo de Quaresma |
| Título |
Sermon para el Miercoles de Ceniza: Sobre la muerte 1 Sermon para el primer Jueves de Quaresma: Sobre la substracción y substitución de la Gracia Divina 42 Sermon para el5 primer Viernes de Quaresma: Sobre el perdón de las injurias 82 Sermon para el primer Domingo de Quaresma: Sobre el Ayuno 129 Sermón para el Lunes despues de la primera Dominica de Quaresma: Sobre el Juicio Final 178 Sermón para el Martes despues de la primera Dominica de Quaresma: Sobre la perfeccion o santidad christiana 224 |
| 561 ## - NOTA DE PROCEDENCIA |
| Procedencia |
Convento de Jerez |
| 650 ## - PUNTO DE ACCESO ADICIONAL DE MATERIA-TÉRMINO DE MATERIA |
| Término de materia o nombre geográfico como elemento inicial |
Oratoria Sagrada |
| Subdivisión de forma |
Sermones cuaresmales |
| Subdivisión cronológica |
Obras anteriores a 1800 |
| 9 (RLIN) |
16660 |
| 700 1# - PUNTO DE ACCESO ADICIONAL-NOMBRE DE PERSONA |
| Nombre de persona |
González de la Portilla, Domingo Antonio |
| Término indicativo de función |
trad. |
| 9 (RLIN) |
16661 |
| 752 ## - PUNTO DE ACCESO ADICIONAL-NOMBRE JERÁRQUICO DE LUGAR |
| País o entidad superior |
España |
| Ciudad |
Madrid |
| 942 ## - ENTRADA DE ELEMENTOS AGREGADOS (KOHA) |
| Fuente de clasificaión o esquema |
|
| Koha [por defecto] tipo de item |
Libro Antiguo |